| 000 | 00720nam a2200169 4500 | ||
|---|---|---|---|
| 001 | 450 | ||
| 005 | 20230411085958.0 | ||
| 008 | 060907n1996 dr spa | ||
| 035 | _9funglode453 | ||
| 041 | _aES | ||
| 100 | _aLuciano, Homero | ||
| 245 | 1 |
_aUna gestión mutilada 1994-1996 : _bdocumentos y comentarios / _cHomero Luciano |
|
| 260 |
_aSanto Domingo : _bImpresora Rafael Vargas, _c1996 |
||
| 300 | _a155 p. / 21 cm. | ||
| 520 | _aElecciones mayo 1994, 15. -- Peña y los vicios electorales, 31. -- Pacto por la democracia, 39. -- Reformas constitucionales, 55. -- Un discurso encadenado, 75. -- Cartas históricas, 87. -- Sentencias dictadas por la Suprema Corte de Justicia, 135 | ||
| 942 |
_2lcc _cbk |
||
| 999 |
_c110375 _d110375 |
||